[Event "Open Hradec Kralove 2018"]
[Site "Hradec Kralove"]
[Date "2018.10.02"]
[Round "4"]
[White "Hoerr, Matthias"]
[Black "Malinovsky, Petr"]
[Result "1/2-1/2"]
[WhiteElo "2208"]
[BlackElo "2014"]
[EventDate "2018.09.30"]
[PlyCount "84"]

1.e4 c5 2.Nf3 g6 3.d4 cxd4 4.Nxd4 Nc6 5.Nc3 Bg7 6.Be3 Nf6 7.Bc4 O-O 8.Bb3 
a5 9.O-O d6 10.Ndb5 Ng4 11.Bg5 h6 12.Bh4 Bd7 13.Qd2 Kh7 14.Rad1 Nf6 15.a4 
g5 16.Bg3 Nh5 17.Nd5 Nxg3 18.hxg3 Rc8 19.f4 gxf4 20.gxf4 Bg4 21.Rde1 e6 
22.Ne3 Qh4 23.Qf2 Qh5 24.Nxd6 Bd4 25.c3 Ba7 26.Nxc8 Rxc8 27.Bd1 Rg8 28.
Bxg4 Rxg4 29.Qe2 Qh4 30.Rf2 Rg3 31.Rf3 Rxf3 32.gxf3 Qg3+ 33.Kh1 Qxf4 34.
Nf1 Ne5 35.Nh2 Qh4 36.Rf1 Ng6 37.Qg2 Bb8 38.Rd1 Nf4 39.Qg4 Qf6 40.Rg1 Ng6 
41.Nf1 Qd8 42.Ng3 Qd2 1/2-1/2

[Event "Open Hradec Kralove 2018"]
[Site "Hradec Kralove"]
[Date "2018.10.02"]
[Round "4"]
[White "Ouaret, Abdelouhab"]
[Black "Seemann, Jakub"]
[Result "1-0"]
[WhiteElo "2094"]
[BlackElo "1789"]
[EventDate "2018.09.30"]
[PlyCount "75"]

1.Nf3 Nf6 2.g3 g6 3.Bg2 Bg7 4.c4 O-O 5.O-O Nc6 6.d4 d6 7.Nc3 Bg4 8.h3 Bxf3
9.Bxf3 Nd7 10.e3 e5 11.d5 Ne7 12.Bg2 f5 13.a3 Nf6 14.b4 g5 15.Qb3 Ng6 16.
Bb2 Qd7 17.c5 Kh8 18.Rac1 f4 19.Qa4 Qf7 20.cxd6 cxd6 21.Ne4 Nxe4 22.Bxe4 
Rg8 23.Qc2 Bh6 24.g4 Bf8 25.Qc7 Be7 26.Bf5 h5 27.Be6 Qh7 28.Bxg8 Rxg8 29.
Qd7 Nh4 30.f3 fxe3 31.Qe6 Rf8 32.Rc7 e2 33.Bxe5+ dxe5 34.Qxe5+ Kg8 35.Qxe2
hxg4 36.Rxe7 gxf3 37.Qe6+ Rf7 38.Qc8+ 1-0

[Event "Open Hradec Kralove 2018"]
[Site "Hradec Kralove"]
[Date "2018.10.02"]
[Round "4"]
[White "Majerik, Vladimir"]
[Black "Toman, Jaroslav"]
[Result "0-1"]
[WhiteElo "1847"]
[BlackElo "2232"]
[EventDate "2018.09.30"]
[PlyCount "108"]

1.d4 e6 2.Nf3 b6 3.Bg5 Nf6 4.e3 Bb7 5.Nbd2 d6 6.Bd3 Nbd7 7.O-O h6 8.Bh4 g5
9.Bg3 Nh5 10.Qe2 Be7 11.Ne1 Nxg3 12.fxg3 c5 13.c3 h5 14.h3 Qc7 15.e4 f6 
16.Nc2 O-O-O 17.Na3 Kb8 18.Rfc1 g4 19.h4 d5 20.Nf1 Bf8 21.Re1 cxd4 22.Nb5 
Qc6 23.Nxd4 Bc5 24.Kh2 Bxd4 25.cxd4 dxe4 26.Bxe4 Qxe4 27.Qxe4 Bxe4 28.Rxe4
Nf8 29.Rc1 f5 30.Re2 Rxd4 31.Rec2 Nd7 32.a3 e5 33.b4 Rd3 34.Rc7 e4 35.R7c3
Ne5 36.Ne3 Rf8 37.Nd1 Rfd8 38.Nf2 Rd2 39.Kg1 Rxf2 40.Kxf2 Nd3+ 41.Rxd3 
Rxd3 42.Rc6 Rxa3 43.Rh6 Rb3 44.Rxh5 Rxb4 45.Rxf5 Rb2+ 46.Kf1 a5 47.h5 a4 
48.Rf4 a3 49.Rxe4 a2 50.Ra4 Rb1+ 51.Kf2 a1=Q 52.Rxa1 Rxa1 53.Ke3 Rf1 54.h6
Kc7 0-1

[Event "Open Hradec Kralove 2018"]
[Site "Hradec Kralove"]
[Date "2018.10.02"]
[Round "4"]
[White "Kuru, Martin"]
[Black "Skorna, Ullrich"]
[Result "0-1"]
[WhiteElo "1877"]
[BlackElo "2090"]
[EventDate "2018.09.30"]
[PlyCount "82"]

1.e4 e6 2.d4 d5 3.Nc3 Bb4 4.exd5 exd5 5.Bd3 c6 6.h3 Ne7 7.Nf3 Bf5 8.Bf4 
O-O 9.O-O Bxd3 10.Qxd3 Ng6 11.Bg3 Nd7 12.Rfe1 Qa5 13.Re3 Nf6 14.Ne2 Rfe8 
15.Ne5 Nxe5 16.Bxe5 Nd7 17.Qf5 Nxe5 18.Rxe5 f6 19.Rxe8+ Rxe8 20.Ng3 Bf8 
21.c3 Qd8 22.Qd3 g6 23.Nf1 Bh6 24.Nd2 Qe7 25.Kf1 Qd6 26.Nf3 Qf4 27.Re1 
Rxe1+ 28.Nxe1 Qc1 29.Qe2 Kf7 30.Qg4 Bd2 31.Qd7+ Kg8 32.Qe8+ Kg7 33.Qe7+ 
Kh6 34.g4 Qxe1+ 35.Qxe1 Bxe1 36.Kxe1 Kg5 37.Kf1 Kf4 38.Kg2 g5 39.f3 Ke3 
40.Kg3 Kd3 41.f4 h6 0-1

[Event "Open Hradec Kralove 2018"]
[Site "Hradec Kralove"]
[Date "2018.10.02"]
[Round "4"]
[White "Mares, Ilja"]
[Black "Clark, Robert G."]
[Result "0-1"]
[WhiteElo "1803"]
[BlackElo "2025"]
[EventDate "2018.09.30"]
[PlyCount "62"]

1.c4 Nf6 2.Nf3 g6 3.Nc3 Bg7 4.e4 d6 5.d4 O-O 6.Be2 e5 7.dxe5 dxe5 8.Qxd8 
Rxd8 9.Bg5 c6 10.h3 Re8 11.Nd2 Nbd7 12.O-O Nc5 13.b4 Ne6 14.Be3 Nd4 15.
Rac1 Bd7 16.Bd1 Bf8 17.Rb1 Rad8 18.f4 Bc8 19.fxe5 Nh5 20.Bxh5 Nc2 21.Bg5 
Bxb4 22.Rxb4 Nxb4 23.a3 Rd3 24.Ndb1 gxh5 25.axb4 Bxh3 26.Bf6 Be6 27.c5 Rd4
28.b5 Rc4 29.bxc6 bxc6 30.Rf3 Rxc5 31.Nd2 Rb8 0-1

[Event "Open Hradec Kralove 2018"]
[Site "Hradec Kralove"]
[Date "2018.10.02"]
[Round "4"]
[White "Kaplan, Daniel"]
[Black "Aird, Ian"]
[Result "1-0"]
[WhiteElo "2017"]
[BlackElo "1857"]
[EventDate "2018.09.30"]
[PlyCount "56"]

1.e4 e6 2.d4 d5 3.Nc3 Nf6 4.Bd3 c5 5.dxc5 Bxc5 6.exd5 exd5 7.Nf3 O-O 8.O-O
h6 9.h3 Nc6 10.Bf4 Re8 11.a3 a6 12.Re1 Be6 13.Qd2 Bf8 14.Rad1 b5 15.Ne5 
Rc8 16.Nxc6 Rxc6 17.Na2 Bc8 18.Rxe8 Qxe8 19.Nb4 Rb6 20.Bf1 Bb7 21.Be3 Re6 
22.Qd4 Qa8 23.Nd3 Ne4 24.b4 Nf6 25.Nc5 Rc6 26.Nxb7 Qxb7 27.Bd3 Rc8 28.Bxh6
1-0

[Event "Open Hradec Kralove 2018"]
[Site "Hradec Kralove"]
[Date "2018.10.02"]
[Round "4"]
[White "Fischer, Erik"]
[Black "Machalec, Vladimir"]
[Result "1/2-1/2"]
[WhiteElo "1947"]
[BlackElo "1803"]
[PlyCount "71"]
[EventDate "2018.09.30"]

1. e4 c5 2. Nf3 Nc6 3. Bb5 g6 4. Bxc6 bxc6 5. O-O Bg7 6. Re1 Nf6 7. e5 Nd5 8.
c4 Nb4 9. d3 O-O 10. a3 Na6 11. Nc3 d6 12. d4 cxd4 13. Nxd4 Qc7 14. exd6 exd6
15. Rb1 Nc5 16. Bf4 Rd8 17. Bg5 f6 18. Bf4 Kf7 19. b4 Ne6 20. Nxe6 Bxe6 21. c5
Bf8 22. Ne4 Bf5 23. Nxd6+ Bxd6 24. Bxd6 Qd7 25. Rb2 Re8 26. f3 Rxe1+ 27. Qxe1
Re8 28. Re2 Rxe2 29. Qxe2 Qe6 30. Qd2 g5 31. h3 Qb3 32. Qe2 Qe6 33. Qa6 Qd7 34.
Kh2 h5 35. Qc4+ Qe6 36. Qxe6+ 1/2-1/2

[Event "Open Hradec Kralove 2018"]
[Site "Hradec Kralove"]
[Date "2018.10.02"]
[Round "4"]
[White "Starosta, Martyna"]
[Black "Kudr, Roman"]
[Result "1-0"]
[WhiteElo "1700"]
[BlackElo "1909"]
[PlyCount "67"]
[EventDate "2018.09.30"]

1. e4 e6 2. d4 d5 3. Nc3 dxe4 4. Nxe4 Nd7 5. Bd3 Ngf6 6. Nf3 Be7 7. O-O O-O 8.
h3 b6 9. Bf4 Bb7 10. Qe2 h6 11. Rad1 Nxe4 12. Bxe4 Bxe4 13. Qxe4 Nf6 14. Qe2
Bd6 15. Be5 a5 16. c4 Qe7 17. a3 Nd7 18. Bxd6 Qxd6 19. Rd2 Rfe8 20. Rfd1 Rad8
21. c5 Qe7 22. b4 axb4 23. axb4 bxc5 24. dxc5 Nb8 25. Nd4 c6 26. Nf5 Qc7 27.
Nd6 Re7 28. Ra2 Red7 29. Qd3 Re7 30. Rda1 Red7 31. Ra8 Rxd6 32. cxd6 Rxd6 33.
Qg3 Qd8 34. R1a7 1-0

[Event "Open Hradec Kralove 2018"]
[Site "Hradec Kralove"]
[Date "2018.10.02"]
[Round "4"]
[White "Kratochvilova, Kristyna"]
[Black "Moeckel, Jens"]
[Result "1/2-1/2"]
[WhiteElo "1364"]
[BlackElo "1882"]
[PlyCount "91"]
[EventDate "2018.09.30"]

1. c4 g6 2. Nf3 Bg7 3. g3 d6 4. Bg2 Nc6 5. O-O e5 6. Nc3 Nge7 7. e3 Bg4 8. Qc2
Qd7 9. b3 O-O 10. Bb2 Bxf3 11. Bxf3 f5 12. Ne2 e4 13. Bg2 Nb4 14. Qb1 Nec6 15.
Nf4 Ne5 16. Rd1 g5 17. Ne2 Qf7 18. Nd4 Nbd3 19. Bh3 Nxb2 20. Qxb2 c5 21. Nxf5
Qxf5 22. Bxf5 Nf3+ 23. Kg2 Bxb2 24. Be6+ Kg7 25. Rab1 Ba3 26. Bd5 Rae8 27. Bxb7
g4 28. d3 exd3 29. Rxd3 Rf6 30. Rbd1 Bb4 31. Rxd6 Rxd6 32. Rxd6 Ne5 33. Ra6 Rf8
34. Rxa7 Rf7 35. h3 Be1 36. hxg4 Nxg4 37. a4 h5 38. a5 Rxf2+ 39. Kg1 Rf7 40. a6
Bf2+ 41. Kh1 Bxe3 42. Ra8 Rf1+ 43. Kg2 Rf2+ 44. Kg1 Rf7+ 45. Kg2 Rf2+ 46. Kg1
1/2-1/2

[Event "Open Hradec Kralove 2018"]
[Site "Hradec Kralove"]
[Date "2018.10.02"]
[Round "4"]
[White "Bartos, Karel"]
[Black "Landsmannova, Marie"]
[Result "1-0"]
[WhiteElo "1843"]
[BlackElo "1251"]
[PlyCount "37"]
[EventDate "2018.09.30"]

1. e4 e5 2. Nf3 Nc6 3. Bb5 d6 4. d4 exd4 5. Nxd4 Nge7 6. Bg5 Bd7 7. Bxc6 bxc6
8. Nc3 g6 9. Bf6 Rg8 10. Qf3 Rb8 11. Rb1 Bg7 12. Bxg7 Rxg7 13. O-O c5 14. Nb3
Kf8 15. Rfe1 Kg8 16. e5 Be6 17. Ne4 Bd5 18. Nf6+ Kh8 19. Nxd5 1-0

[Event "Open Hradec Kralove 2018"]
[Site "Hradec Kralove"]
[Date "2018.10.02"]
[Round "4"]
[White "Vestfal, Jan"]
[Black "Kalveus, Jan"]
[Result "0-1"]
[WhiteElo "1593"]
[BlackElo "1854"]
[PlyCount "44"]
[EventDate "2018.09.30"]

1. e4 e6 2. d4 d5 3. Nd2 Nf6 4. e5 Nfd7 5. Bd3 c5 6. c3 Nc6 7. Ne2 cxd4 8. cxd4
f6 9. exf6 Nxf6 10. O-O Bd6 11. Nf3 O-O 12. Bf4 Bxf4 13. Nxf4 Qd6 14. Ne2 Bd7
15. Rc1 Rae8 16. Ng3 e5 17. dxe5 Nxe5 18. Bb1 Bg4 19. Kh1 Nh5 20. Nxh5 Nxf3 21.
Ng3 Nxh2 22. Bxh7+ Kh8 0-1

[Event "Open Hradec Kralove 2018"]
[Site "Hradec Kralove"]
[Date "2018.10.02"]
[Round "4"]
[White "Winter, Ondrej"]
[Black "Svoboda, Frantisek"]
[Result "1-0"]
[WhiteElo "1453"]
[BlackElo "1760"]
[PlyCount "51"]
[EventDate "2018.09.30"]

1. e4 Nc6 2. Nf3 Nf6 3. e5 Ng4 4. d4 d6 5. h3 Nh6 6. exd6 cxd6 7. c4 g6 8. Be3
Bg7 9. d5 Bxb2 10. Nbd2 Nb8 11. Bxh6 Bxa1 12. Qxa1 f6 13. Bd3 Bf5 14. Bxf5 gxf5
15. Nd4 Rg8 16. O-O Qd7 17. Qb1 Na6 18. Re1 O-O-O 19. Ne6 f4 20. Nxd8 Qxh3 21.
Qxb7+ Kxd8 22. Qa8+ Qc8 23. Qxc8+ Kxc8 24. Rxe7 Nc5 25. Rxa7 Nb7 26. Ra8+ 1-0

[Event "Open Hradec Kralove 2018"]
[Site "Hradec Kralove"]
[Date "2018.10.02"]
[Round "4"]
[White "Svec, Ludek"]
[Black "Macek, Jaroslav"]
[Result "1-0"]
[WhiteElo "1537"]
[BlackElo "1368"]
[PlyCount "51"]
[EventDate "2018.09.30"]

1. d4 d5 2. Nf3 Nf6 3. g3 Bg4 4. Bg2 e6 5. O-O c5 6. c4 Bxf3 7. Bxf3 Nc6 8.
cxd5 Nxd4 9. Bg2 Nxd5 10. e3 Nc6 11. Qa4 Qc7 12. e4 Nb6 13. Qd1 e5 14. Nc3 Nd4
15. a4 Be7 16. a5 Nc4 17. Nd5 Qc6 18. b3 Nd6 19. f4 f6 20. fxe5 fxe5 21. Qh5+
Kd7 22. Bh3+ Kd8 23. Qxe5 Bf6 24. Rxf6 gxf6 25. Qxf6+ Ke8 26. Qe7# 1-0

[Event "Open Hradec Kralove 2018"]
[Site "Hradec Kralove"]
[Date "2018.10.03"]
[Round "5"]
[White "Plischki, Sebastian"]
[Black "Cerveny, Martin"]
[Result "1/2-1/2"]
[WhiteElo "2430"]
[BlackElo "2329"]
[PlyCount "20"]
[EventDate "2018.09.30"]

1. d4 d5 2. c4 c6 3. cxd5 cxd5 4. Bf4 Nc6 5. e3 Nf6 6. Nc3 a6 7. Be2 e6 8. Nf3
Be7 9. h3 O-O 10. O-O b5 1/2-1/2

[Event "Open Hradec Kralove 2018"]
[Site "Hradec Kralove"]
[Date "2018.10.03"]
[Round "5"]
[White "Bartos, Jan"]
[Black "Ouaret, Abdelouhab"]
[Result "1/2-1/2"]
[WhiteElo "2216"]
[BlackElo "2094"]
[PlyCount "36"]
[EventDate "2018.09.30"]

1. d4 {[%emt 0:00:00]} d5 2. c4 c6 3. Nf3 Nf6 4. e3 e6 5. Bd3 Be7 6. b3 Nbd7 7.
O-O O-O 8. Nc3 b6 9. Bb2 Bb7 10. Qe2 Re8 11. Rac1 Rc8 12. Rfd1 Qc7 13. cxd5
exd5 14. Bf5 Rcd8 15. Bh3 Qb8 16. g3 Bd6 17. Qc2 Nf8 18. Qb1 Ng6 1/2-1/2

[Event "Open Hradec Kralove 2018"]
[Site "Hradec Kralove"]
[Date "2018.10.03"]
[Round "5"]
[White "Gloser, David"]
[Black "Hoerr, Matthias"]
[Result "0-1"]
[WhiteElo "1940"]
[BlackElo "2208"]
[PlyCount "76"]
[EventDate "2018.09.30"]

1. e4 c5 2. Ne2 Nc6 3. g3 d5 4. Bg2 e6 5. O-O Nf6 6. d3 Be7 7. f4 O-O 8. e5 Nd7
9. c3 Rb8 10. d4 f5 11. exf6 Nxf6 12. Nd2 cxd4 13. cxd4 b5 14. Nf3 Qb6 15. Kh1
Ne4 16. Be3 b4 17. Ne5 Nxe5 18. fxe5 Rxf1+ 19. Bxf1 Ba6 20. Bg2 Rc8 21. Nf4 Bg5
22. Qg4 Bxf4 23. gxf4 g6 24. h4 Be2 25. Qh3 Rc2 26. Rg1 Kh8 27. h5 Bxh5 28. Qh4
Qc7 29. Bxe4 dxe4 30. Qf6+ Kg8 31. Qxe6+ Qf7 32. Qxf7+ Kxf7 33. Rc1 Re2 34.
Rc7+ Ke6 35. d5+ Kxd5 36. Bxa7 e3 37. Rxh7 Bf3+ 38. Kg1 Re1+ 0-1

[Event "Open Hradec Kralove 2018"]
[Site "Hradec Kralove"]
[Date "2018.10.03"]
[Round "5"]
[White "Toman, Jaroslav"]
[Black "Kraus, Ondrej"]
[Result "0-1"]
[WhiteElo "2232"]
[BlackElo "1943"]
[PlyCount "120"]
[EventDate "2018.09.30"]

1. g3 e5 2. Bg2 f5 3. e4 Nf6 4. d4 exd4 5. e5 Ng4 6. Nf3 Nc6 7. O-O Be7 8. Nxd4
Ngxe5 9. Nxf5 O-O 10. Nxe7+ Nxe7 11. f4 Nf7 12. b3 d5 13. Ba3 Re8 14. Bxe7 Qxe7
15. Qxd5 c6 16. Qf3 Bf5 17. Qf2 Qf6 18. Na3 Qb2 19. Nc4 Qxc2 20. Qxc2 Bxc2 21.
Na5 Re7 22. Rf2 Bf5 23. Rd2 Kf8 24. Bf3 Rd8 25. Rad1 Rxd2 26. Rxd2 Bc8 27. Kf2
Ke8 28. b4 Rd7 29. Rc2 Kd8 30. Bg4 Rd5 31. Bf3 Rd7 32. Be4 h6 33. h4 Nd6 34.
Bg6 Re7 35. Kf3 Be6 36. Kf2 Bd5 37. a3 Kc7 38. Rc3 Nb5 39. Rd3 b6 40. a4 bxa5
41. axb5 axb4 42. Rd4 b3 43. g4 Kd6 44. bxc6 Kc5 45. Rd3 a5 46. Rc3+ Kd6 47. g5
a4 48. f5 hxg5 49. hxg5 Rc7 50. f6 gxf6 51. gxf6 a3 52. Be4 Bxe4 53. Rxb3 a2
54. Ra3 Bd5 55. Ke3 Ke5 56. Ra5 Rxc6 57. f7 Rf6 58. Kd2 Rxf7 59. Kc1 Rb7 60.
Kc2 Rb1 0-1

[Event "Open Hradec Kralove 2018"]
[Site "Hradec Kralove"]
[Date "2018.10.03"]
[Round "5"]
[White "Zaehringer, Daniel"]
[Black "Kolesnikova, Kristina"]
[Result "1-0"]
[WhiteElo "2110"]
[BlackElo "2008"]
[PlyCount "93"]
[EventDate "2018.09.30"]

1. d4 Nf6 2. c4 e6 3. Nc3 Bb4 4. Qc2 c5 5. dxc5 Bxc5 6. Bf4 O-O 7. Nf3 Be7 8.
e3 Nh5 9. Bg3 a6 10. Be2 Nxg3 11. hxg3 f5 12. g4 g6 13. gxf5 Rxf5 14. O-O-O Nc6
15. Kb1 Qa5 16. Nh4 Nb4 17. Nxf5 Nxc2 18. Nxe7+ Kh8 19. Kxc2 d5 20. Nxc8 Rxc8
21. cxd5 exd5 22. Kb1 Rd8 23. Bf3 b5 24. Nxd5 b4 25. Rh4 b3 26. axb3 Rd7 27.
Rc4 Qb5 28. Nc3 Rxd1+ 29. Nxd1 Qxb3 30. Rd4 Qb5 31. e4 a5 32. Rd5 Qb6 33. Nc3
Qa6 34. Be2 Qa7 35. Bf3 Qa6 36. Rb5 a4 37. Ka2 g5 38. Bh5 h6 39. e5 Qc6 40. Bf3
Qc4+ 41. Ka3 g4 42. Rb4 Qf1 43. Bxg4 Qxf2 44. Bh3 Qe1 45. e6 Qa1+ 46. Na2 Qd1
47. e7 1-0

[Event "Open Hradec Kralove 2018"]
[Site "Hradec Kralove"]
[Date "2018.10.03"]
[Round "5"]
[White "Skorna, Ullrich"]
[Black "Nemec, Otakar"]
[Result "1-0"]
[WhiteElo "2090"]
[BlackElo "1886"]
[PlyCount "43"]
[EventDate "2018.09.30"]

1. e4 c5 2. b3 Nc6 3. Bb2 e5 4. Bb5 Nd4 5. Bc4 Nf6 6. Nc3 Be7 7. Nge2 d6 8. O-O
O-O 9. f4 a6 10. Ng3 Bg4 11. Be2 Bxe2 12. Ncxe2 Nd7 13. Nxd4 cxd4 14. c3 Qb6
15. Kh1 g6 16. Qg4 Rad8 17. f5 Nf6 18. Qg5 d5 19. cxd4 dxe4 20. dxe5 h6 21. Qh4
g5 22. Qxh6 1-0

[Event "Open Hradec Kralove 2018"]
[Site "Hradec Kralove"]
[Date "2018.10.03"]
[Round "5"]
[White "Clark, Robert G"]
[Black "Starosta, Martyna"]
[Result "1/2-1/2"]
[WhiteElo "2025"]
[BlackElo "1700"]
[PlyCount "86"]
[EventDate "2018.09.30"]

1. c4 e5 2. g3 c6 3. Bg2 d5 4. cxd5 cxd5 5. d3 Nc6 6. Nf3 Nf6 7. O-O Be7 8. a3
a5 9. Qa4 Bd7 10. Qb3 a4 11. Qc3 d4 12. Qe1 O-O 13. Nbd2 Be6 14. Ng5 Bd5 15.
Nge4 Nxe4 16. Bxe4 f5 17. Bxd5+ Qxd5 18. f3 b5 19. Qf2 Rae8 20. Qg2 Bc5 21. g4
fxg4 22. fxg4 Rxf1+ 23. Kxf1 Qd7 24. Ne4 Be7 25. Bd2 Nd8 26. Qg3 Nb7 27. Rc1
Qd5 28. Kg1 Nc5 29. Qf3 Nd7 30. Ng5 Qxf3 31. Nxf3 Bc5 32. Kg2 e4 33. dxe4 Rxe4
34. Kf1 Rxg4 35. Ne5 Nxe5 36. Rxc5 Nc4 37. Bc1 Rh4 38. Kg2 Re4 39. Kf3 Re5 40.
Rxe5 Nxe5+ 41. Ke4 Nc6 42. Kd5 Na5 43. Bf4 Nc4 1/2-1/2

[Event "Open Hradec Kralove 2018"]
[Site "Hradec Kralove"]
[Date "2018.10.03"]
[Round "5"]
[White "Malinovsky, Petr"]
[Black "Kaplan, Daniel"]
[Result "1/2-1/2"]
[WhiteElo "2014"]
[BlackElo "2017"]
[PlyCount "37"]
[EventDate "2018.09.30"]

1. d4 d5 2. c4 e6 3. Nc3 Nf6 4. cxd5 exd5 5. Bg5 Nbd7 6. e3 c6 7. Bd3 Be7 8.
Nge2 O-O 9. O-O Ne8 10. Bxe7 Qxe7 11. Qc2 h6 12. Rae1 Nd6 13. Ng3 Nf6 14. f3
Rd8 15. e4 dxe4 16. fxe4 Nde8 17. Nge2 Ng4 18. Qc1 Qd6 19. Qf4 1/2-1/2

[Event "Open Hradec Kralove 2018"]
[Site "Hradec Kralove"]
[Date "2018.10.03"]
[Round "5"]
[White "Gokhale, Anupama"]
[Black "Jirasek, Pavel"]
[Result "0-1"]
[WhiteElo "1964"]
[BlackElo "2249"]
[PlyCount "96"]
[EventDate "2018.09.30"]

1. d4 Nf6 2. c4 e6 3. g3 Bb4+ 4. Nd2 d5 5. Qc2 Nc6 6. Ngf3 dxc4 7. Qxc4 Qd5 8.
Qxd5 exd5 9. a3 Bxd2+ 10. Bxd2 Bg4 11. Bc3 Ne4 12. Nd2 O-O-O 13. e3 Nxd2 14.
Kxd2 Bf3 15. Rg1 Rd6 16. g4 g5 17. Rg3 Be4 18. f3 Bg6 19. Be2 Re8 20. f4 gxf4
21. exf4 Rde6 22. Bf3 Be4 23. f5 Rh6 24. h3 Bxf3 25. Rxf3 Rd6 26. Kd3 Rdd8 27.
Rf4 Rg8 28. Rg1 Kd7 29. g5 Rg7 30. f6 Rg6 31. h4 h6 32. Rf2 hxg5 33. h5 Rh6 34.
Rxg5 Ke6 35. Bd2 Rdh8 36. Re2+ Kxf6 37. Rxd5 Rxh5 38. Rd7 Rh3+ 39. Kc4 Rd8 40.
Rf2+ Ke6 41. Rxd8 Nxd8 42. d5+ Kd7 43. Bg5 Rh7 44. Re2 f5 45. Kd4 b6 46. Bxd8
Kxd8 47. Rf2 Rh5 48. Ke5 Ke7 0-1

[Event "Open Hradec Kralove 2018"]
[Site "Hradec Kralove"]
[Date "2018.10.03"]
[Round "5"]
[White "Tsapanidis, Vasilis"]
[Black "Valenti, Richard"]
[Result "0-1"]
[WhiteElo "1856"]
[BlackElo "2037"]
[PlyCount "58"]
[EventDate "2018.09.30"]

1. e4 Nc6 2. Nf3 d6 3. d4 Nf6 4. Nc3 g6 5. Be2 Bg7 6. O-O O-O 7. h3 e5 8. dxe5
dxe5 9. Be3 Be6 10. a3 Qe7 11. Qc1 Rfd8 12. Rd1 Rxd1+ 13. Qxd1 Rd8 14. Qe1 Nd4
15. Bd1 Bc4 16. Nd2 Ba6 17. Rc1 b6 18. Ne2 Bb7 19. f3 Nh5 20. c3 Ne6 21. Kh2
Bf6 22. g3 Bg5 23. Ng1 Nxg3 24. Bxg5 Qxg5 25. Rc2 Rxd2+ 26. Ne2 Rxc2 27. Bxc2
Nxe2 28. Qxe2 Nf4 29. Qf1 Bc8 0-1

[Event "Open Hradec Kralove 2018"]
[Site "Hradec Kralove"]
[Date "2018.10.03"]
[Round "5"]
[White "Machalec, Vladimir"]
[Black "Rokos, Filip"]
[Result "1-0"]
[WhiteElo "1803"]
[BlackElo "1962"]
[PlyCount "87"]
[EventDate "2018.09.30"]

1. c4 e5 2. Nc3 Nf6 3. g3 d5 4. cxd5 Nxd5 5. Bg2 Nb6 6. Nf3 Nc6 7. O-O Be7 8.
d3 O-O 9. b3 Re8 10. Bb2 Bf8 11. Rc1 a5 12. a3 Bg4 13. h3 Bh5 14. Nb5 Qd7 15.
g4 Bg6 16. Nh4 Re6 17. Nxg6 hxg6 18. a4 Rae8 19. e4 Rd8 20. f4 Qxd3 21. Qxd3
Rxd3 22. Nxc7 Re7 23. Nd5 Nxd5 24. exd5 Nb4 25. fxe5 Nxd5 26. Bxd5 Rxd5 27. Rc8
Red7 28. e6 Rd8 29. Rxd8 Rxd8 30. Rxf7 Rd1+ 31. Kg2 Rd2+ 32. Rf2 Rxf2+ 33. Kxf2
Bb4 34. Kf3 Kf8 35. Ke4 g5 36. Kf5 Bd2 37. Kg6 Ke7 38. Bxg7 Kxe6 39. Bh6 Kd5
40. Bxg5 Bc3 41. Bf6 Bxf6 42. Kxf6 Kc5 43. g5 Kb4 44. g6 1-0

[Event "Open Hradec Kralove 2018"]
[Site "Hradec Kralove"]
[Date "2018.10.03"]
[Round "5"]
[White "Seemann, Jakub"]
[Black "Ret, Adam Josef"]
[Result "1-0"]
[WhiteElo "1789"]
[BlackElo "1859"]
[PlyCount "55"]
[EventDate "2018.09.30"]

1. e4 c5 2. Nf3 d6 3. d4 cxd4 4. Nxd4 Nf6 5. Nc3 a6 6. Bg5 e6 7. f4 Be7 8. Qf3
Nbd7 9. O-O-O h5 10. Bd3 Qc7 11. Rhe1 b5 12. Nxe6 fxe6 13. e5 Bb7 14. Bg6+ Kf8
15. exf6 Bxf3 16. fxe7+ Kg8 17. gxf3 Nf8 18. exf8=Q+ Rxf8 19. Rxe6 Rh6 20. Bxh6
Qc4 21. Re4 Qc5 22. Bg5 b4 23. Nd5 b3 24. axb3 Qa5 25. Kb1 Qb5 26. f5 a5 27.
Ne7+ Kh8 28. Rh4 1-0

[Event "Open Hradec Kralove 2018"]
[Site "Hradec Kralove"]
[Date "2018.10.03"]
[Round "5"]
[White "Berger, Volkmar"]
[Black "Portych, Vaclav"]
[Result "0-1"]
[WhiteElo "1738"]
[BlackElo "1865"]
[PlyCount "26"]
[EventDate "2018.09.30"]

1. d4 Nf6 2. Nf3 e6 3. g3 b6 4. Bg2 Bb7 5. O-O d5 6. Nbd2 c5 7. dxc5 Bxc5 8. c4
O-O 9. cxd5 Bxd5 10. Re1 Nbd7 11. e4 Bb7 12. e5 Ng4 13. Nc4 Bxf2+ 0-1

[Event "Open Hradec Kralove 2018"]
[Site "Hradec Kralove"]
[Date "2018.10.03"]
[Round "5"]
[White "Zdechovsky, Tobias"]
[Black "Mares, Ilja"]
[Result "0-1"]
[WhiteElo "1578"]
[BlackElo "1803"]
[PlyCount "62"]
[EventDate "2018.09.30"]

1. e4 c5 2. Nf3 a6 3. c4 Nc6 4. d4 cxd4 5. Nxd4 d6 6. Nc3 g6 7. Be3 Bg7 8. Qd2
Nf6 9. f3 Qa5 10. Be2 Nxd4 11. Bxd4 O-O 12. a3 Nd7 13. b4 Qd8 14. O-O Bxd4+ 15.
Qxd4 Qb6 16. Qxb6 Nxb6 17. Rac1 Be6 18. Nd5 Bxd5 19. exd5 Rfc8 20. Bd3 a5 21.
bxa5 Na4 22. Rb1 Nc5 23. Bc2 Rxa5 24. a4 Rca8 25. Kf2 Kg7 26. Rb4 Kf6 27. Ke3
Nxa4 28. Rxb7 Nc5 29. Rb6 Ra1 30. Rf2 R8a2 31. Ba4 Re1+ 0-1

[Event "Open Hradec Kralove 2018"]
[Site "Hradec Kralove"]
[Date "2018.10.03"]
[Round "5"]
[White "Landsmannova, Marie"]
[Black "Burdilak, Milan"]
[Result "1/2-1/2"]
[WhiteElo "1251"]
[BlackElo "1690"]
[PlyCount "50"]
[EventDate "2018.09.30"]

1. e4 e6 2. d4 d5 3. e5 c5 4. c3 Nc6 5. Nf3 Bd7 6. Be2 Qb6 7. a3 f6 8. O-O cxd4
9. cxd4 fxe5 10. dxe5 Na5 11. b4 Nc4 12. Nbd2 Rc8 13. Nxc4 dxc4 14. Be3 Qa6 15.
Qd4 b5 16. Rfd1 Bc6 17. Qxa7 Qxa7 18. Bxa7 Ne7 19. Bd4 Nd5 20. Rdc1 Be7 21. Bd1
O-O 22. g3 Nxb4 23. axb4 Bxf3 24. Bc3 Bd5 25. Ra5 Rb8 1/2-1/2

[Event "Open Hradec Kralove 2018"]
[Site "Hradec Kralove"]
[Date "2018.10.03"]
[Round "5"]
[White "Voith, Walter"]
[Black "Svoboda, Frantisek"]
[Result "1-0"]
[WhiteElo "1446"]
[BlackElo "1760"]
[PlyCount "64"]
[EventDate "2018.09.30"]

1. Nf3 d6 2. g3 Nf6 3. d3 e5 4. Nbd2 Bd7 5. Bg2 Be7 6. e4 Qc8 7. O-O Nc6 8. c3
h6 9. Nc4 Bh3 10. Ne3 Bxg2 11. Kxg2 Qe6 12. Qe2 O-O 13. Nf5 Nh5 14. h3 Kh7 15.
Nh2 Qg6 16. Ng4 Nf4+ 17. Bxf4 exf4 18. d4 Rae8 19. Qf3 h5 20. Nh2 fxg3 21. fxg3
Bd8 22. Rae1 h4 23. Ng4 hxg3 24. Qxg3 Bg5 25. h4 Bh6 26. Nfxh6 Rxe4 27. h5 Qe6
28. Nf5 Re8 29. Nge3 Qf6 30. Nd5 Re2+ 31. Kg1 Qxf5 32. Rxf5 Rxe1+ 1-0

[Event "Open Hradec Kralove 2018"]
[Site "Hradec Kralove"]
[Date "2018.10.03"]
[Round "5"]
[White "Ricar-Sen., Jiri"]
[Black "Ostrowski, Michal"]
[Result "1-0"]
[WhiteElo "1588"]
[BlackElo "1212"]
[PlyCount "51"]
[EventDate "2018.09.30"]

1. g4 {[%emt 0:00:00]} d5 2. Bg2 c6 3. c4 e6 4. cxd5 exd5 5. Qb3 Nf6 6. h3 Be7
7. Nc3 O-O 8. d3 Nbd7 9. g5 Ne8 10. Nf3 Nc5 11. Qc2 Bf5 12. Nd4 Be6 13. h4 g6
14. b4 Nd7 15. a3 Ng7 16. Bb2 Ne5 17. Nf3 Nd7 18. Nd1 Nh5 19. e3 Bf5 20. Qc3 f6
21. Nd4 Ng7 22. f4 Bg4 23. Nf2 Bh5 24. Bh3 f5 25. Nxc6 bxc6 26. Qxg7# 1-0

[Event "Open Hradec Kralove 2018"]
[Site "Hradec Kralove"]
[Date "2018.10.04"]
[Round "6"]
[White "Cerveny, Martin"]
[Black "Neckar, Lubomir"]
[Result "1-0"]
[WhiteElo "2329"]
[BlackElo "2281"]
[PlyCount "69"]
[EventDate "2018.09.30"]

1. d4 Nf6 2. Nf3 e6 3. c4 c5 4. d5 b5 5. dxe6 fxe6 6. cxb5 d5 7. Nc3 Bb7 8. e4
Be7 9. e5 Nfd7 10. Qc2 Qc7 11. Bf4 g5 12. Bg3 Nf8 13. a4 Nbd7 14. a5 a6 15. h3
d4 16. Ne4 axb5 17. Nxd4 Rxa5 18. Rc1 Qb6 19. b4 cxb4 20. Nb3 Ra3 21. Nd6+ Bxd6
22. exd6 Bd5 23. Nd2 Rc3 24. Qb1 Qc5 25. Rd1 b3 26. h4 g4 27. Ne4 Bxe4 28. Qxe4
b2 29. Bd3 Qa3 30. O-O Qc5 31. Qxg4 h5 32. Qe2 Rg8 33. Kh1 Rg4 34. Qxb2 b4 35.
Qe2 1-0